| 000 -LEADER |
| fixed length control field |
00926cam a22002654a 4500 |
| 020 ## - INTERNATIONAL STANDARD BOOK NUMBER |
| ISBN |
007297883X (alk. paper) |
| 020 ## - INTERNATIONAL STANDARD BOOK NUMBER |
| ISBN |
9780072978834 (alk. paper) |
| 020 ## - INTERNATIONAL STANDARD BOOK NUMBER |
| ISBN |
0073222976 (text & access code) |
| 020 ## - INTERNATIONAL STANDARD BOOK NUMBER |
| ISBN |
9780073222974 (text & access code) |
| 020 ## - INTERNATIONAL STANDARD BOOK NUMBER |
| ISBN |
0071106111 (pbk. : package) |
| 020 ## - INTERNATIONAL STANDARD BOOK NUMBER |
| ISBN |
9780071106115 (pbk. : package) |
| 020 ## - INTERNATIONAL STANDARD BOOK NUMBER |
| ISBN |
0071115692 (pbk. : alk. paper) |
| 020 ## - INTERNATIONAL STANDARD BOOK NUMBER |
| ISBN |
9780071115698 (pbk. : alk. paper) |
| 040 ## - CATALOGING SOURCE |
| Transcribing agency |
DLC |
| 082 00 - DEWEY DECIMAL CLASSIFICATION NUMBER |
| Classification number |
330 HIL 2006 A012 Or. |
| 100 1# - MAIN ENTRY--AUTHOR NAME |
| Personal name |
Colander, David C |
| 245 10 - TITLE STATEMENT |
| Title |
Economics / |
| 250 ## - EDITION STATEMENT |
| Edition statement |
6th ed |
| 260 ## - PUBLICATION, DISTRIBUTION, ETC. (IMPRINT) |
| Place of publication |
Boston : |
| Name of publisher |
McGraw-Hill/Irwin, |
| Year of publication |
c2006 |
| 300 ## - PHYSICAL DESCRIPTION |
| Number of Pages |
1 volume (various paging) : |
| Other physical details |
illustrations (chiefly color), color map ; |
| Dimensions |
27 cm |
| 650 #0 - SUBJECT ADDED ENTRY--TOPICAL TERM |
| Topical Term |
Economics |
| 856 42 - ELECTRONIC LOCATION AND ACCESS |
| Uniform Resource Identifier |
http://catdir.loc.gov/catdir/enhancements/fy0702/2005043868-d.html |
| 856 41 - ELECTRONIC LOCATION AND ACCESS |
| Uniform Resource Identifier |
http://catdir.loc.gov/catdir/enhancements/fy0702/2005043868-t.html |
| 942 ## - ADDED ENTRY ELEMENTS (KOHA) |
| Koha item type |
សៀវភៅភាសាអង់គ្លេស |
| 952 ## - LOCATION AND ITEM INFORMATION (KOHA) |
| Withdrawn status [LOCAL, KOHA] |
0 |